Normal view
MARC view
Entry Personal Name
001 - CONTROL NUMBER
- control field: 321214
003 - CONTROL NUMBER IDENTIFIER
- control field: OSt
005 - DATE AND TIME OF LATEST TRANSACTION
- control field: 20220926014904.0
008 - FIXED-LENGTH DATA ELEMENTS
- fixed length control field: 220926|| aca||aabn | a|a d
040 ## - CATALOGING SOURCE
- Original cataloging agency: OSt
- Transcribing agency: OSt
100 ## - HEADING--PERSONAL NAME
- Personal name: Tsetung Mao
670 ## - SOURCE DATA FOUND
- Source citation: Work cat.: (OSt)630085: Tsetung Mao, Critique of Soviet economics. Tr. by Moss Roberts, 1977
